000 00337nam a22001217a 4500
008 230620b xxu||||| |||| 00| 0 eng d
082 _a323.
_bEAHRI 2003
245 _aThe East African Journal of Human Rights and Democracy
260 _bThe East African Human Rights Institute
_c2003
300 _a14p
440 _n2
_v1
942 _2ddc
_cBK
999 _c1788
_d1788